Organisational behariour and design

Bibliographic Details
Main Author: Cushway, Barry
Other Authors: Lodge, Derek
Format: Book
Published: London : Kogan Page , 1993
Subjects:

MARC

LEADER 00000cam a2200000 7i4500
001 0000004017
002 000004325
005 20000330.0
020 |a 0749411481 
090 0 0 |a 302.35   |b CUS 
100 1 |a Cushway, Barry 
245 1 0 |a Organisational behariour and design   |c Barry Cushway and Derek Lodge 
260 |a London :   |b Kogan Page ,   |c 1993 
300 |a 192 p. ;   |c 23 cm. 
650 0 0 |a Organisational behavior 
700 1 |a Lodge, Derek 
999 |a 037248   |b BUKU   |c PINJAMAN   |e PERPUSTAKAAN KOMUNITI PETALING JAYA